000
00309nam a2200133Ia 4500
100
_a
West/J.D./ Levy/F.K.
942
_c
BK
654
_a
management
245
_a
Management guide to pert /CPM
260
_b
prentice hall
_a
New Delhi
_c
1985
082
_a
658.4032
_b
WIE/RI
300
_a
229
546
_a
ENGLISH
999
_c
26552
_d
26552